| 000 | 00583nam a22002057a 4500 | ||
|---|---|---|---|
| 005 | 20251108164012.0 | ||
| 008 | 250721s1993 xx 000 0 ara d | ||
| 082 | 1 | 4 | _a344.0609565/زعب |
| 100 | 1 | _aالزعبي، يحيى يوسف | |
| 245 | 1 | 0 | _aشرح و مناقشة أحكام البناء و التنظيم / |
| 264 | 1 |
_aعمان : _c1993. |
|
| 300 | _a256ص. | ||
| 650 | 1 | 7 | _aالأشغال العامة |
| 650 | 1 | 7 | _aالقانون |
| 650 | 1 | 7 | _aالبناء |
| 650 | 1 | 7 | _aالأردن |
| 700 | 1 | _aشهاب، سعاد أحمد | |
| 942 |
_2ddc _cBK |
||
| 999 |
_c1149 _d1149 |
||